[Event "Bezirk-ch U14/16"]
[Site "Osterode"]
[Date "2006.10.17"]
[Round "6"]
[White "Rosenstock, Philipp"]
[Black "Frank, Christian"]
[Result "1/2-1/2"]
[WhiteElo "1278"]
[BlackElo "1436"]
[PlyCount "42"]
[EventDate "2006.10.14"]
[EventType "swiss"]
[EventRounds "7"]
[EventCountry "GER"]
[SourceTitle "EXT 2008"]
[Source "ChessBase"]
[SourceDate "2007.11.25"]
[SourceVersion "1"]
[SourceVersionDate "2007.11.25"]
[SourceQuality "1"]

1. Nf3 d5 2. g3 Nc6 3. Bg2 e5 4. d3 Bd6 5. 0-0 f6 6. Nbd2 Be6 7. e4 d4 8. Ne1 Qd7 9. f4 Nge7 10. fxe5 Nxe5 11. Nef3 N7g6 12. Nxe5 Nxe5 13. Nf3 0-0-0 14. Bf4 g5 15. Nxe5 Bxe5 16. Bxe5 fxe5 17. Qh5 Qe7 18. Bh3 h6 19. Bxe6+ Qxe6 20. Qf7 Qxf7 21. Rxf7 Rd7 1/2-1/2